000 00986nam a22003017a 4500
001 7793
003 FISKH
005 20250807085147.0
008 250807b cb ||||| |||| 00| 0 eng d
020 _a0439254191
040 _aFISKH
_beng
_cFISKH
_dFISKH
050 _aPS3511.R94 A6
082 _a811.52
100 _aFrost, Robert
_d (1874–1963)
245 _aPoetry for young people /
_cRobert Frost ; Edited by Gary D.Schmidt ; Illustrated by Henri Sorensen
250 _aThis edition first published in 2000
260 _aNew York :
_bScholastic,
_c1994
300 _a48 pages :
_bcolor illustrations ;
_c26 cm
505 _aR
520 _aA collection of poems about the four seasons by one of best-known American poets.
521 8 _a770
_bLexile
521 8 _aR
_bRaz-Plus
650 _2American poetry
_aRobert Frost
650 _2Poetry for Young People
_aPicture book
700 _aSorensen, Henri
_dillustrator
942 _2ddc
_cBK
_n0
999 _c7793
_d7793